000 00503cam a2200181ua 4500
020 _a0-471-879312
041 _aeng
_h
082 _a519.0620
_bGOM/ST
100 _aGomez, Kwanchari A .
245 _aStatistical procedures for agricultural research /
_cKwanchari A Gomez.
_hTextual Documents
250 _a1 /
_b.
260 _aNew York :
_bWiley Interscience publications ,
_c1984.
300 _a680 ; .
504 _a
700 1 _aGomez , Arthuro A .
942 _cBK
999 _c10039
_d10039